[Event "Verbandsliga 2019-20"]
[Site "MVP"]
[Date "2019.12.08"]
[Round "4.2"]
[White "Westphal, Wolfgang"]
[Black "Stutz, Reno"]
[Result "1-0"]
[WhiteElo "2164"]
[BlackElo "2017"]
[PlyCount "113"]
[EventDate "2019.09.29"]
[EventType "team-tourn"]
[EventRounds "9"]
[WhiteTeam "SF Schwerin II"]
[BlackTeam "ASV Wismar"]
[WhiteTeamCountry "GER"]
[BlackTeamCountry "GER"]

1. Nc3 d5 2. Nf3 Nf6 3. d4 Bf5 4. Bf4 e6 5. e3 Bd6 6. Bd3 Bxd3 7. Qxd3 O-O 8.
O-O Nc6 9. Bg3 Re8 10. Rad1 a6 11. Rfe1 Rc8 12. e4 Nb4 13. Qd2 dxe4 14. Nxe4
Nxe4 15. Rxe4 Bxg3 16. Qxb4 Bd6 17. Qe1 c6 18. b3 Qf6 19. Rd3 Red8 20. Nd2 c5
21. Rf3 Qg6 22. dxc5 Rxc5 23. Rd3 Rd5 24. Rxd5 exd5 25. Re8+ Rxe8 26. Qxe8+ Bf8
27. Qc8 Qe6 28. Qxe6 fxe6 29. Kf1 Kf7 30. Ke2 Bd6 31. h3 e5 32. c4 Ke6 33.
cxd5+ Kxd5 34. Kd3 b5 35. Ne4 Bb4 36. f3 h6 37. Ng3 g6 38. Nf1 Bc5 39. g4 g5
40. Ng3 Bf8 41. Nf5 a5 42. Ng3 a4 43. bxa4 bxa4 44. Ne4 a3 45. Nd2 Bb4 46. Ne4
Bc5 47. Ng3 Bb4 48. Nf5 Bf8 49. Ne3+ Ke6 50. Kc4 e4 51. fxe4 Ke5 52. Kd3 Kf4
53. Nf5 Kf3 54. e5 Kg2 55. e6 Kxh3 56. Nxh6 Kg3 57. Ke4 1-0

[Event "Verbandsliga 2019-20"]
[Site "MVP"]
[Date "2019.12.08"]
[Round "4.3"]
[White "Littke, Helmut"]
[Black "Roehl, Rainer"]
[Result "0-1"]
[WhiteElo "2056"]
[BlackElo "2033"]
[PlyCount "60"]
[EventDate "2019.09.29"]
[EventType "team-tourn"]
[EventRounds "9"]
[WhiteTeam "ASV Wismar"]
[BlackTeam "SF Schwerin II"]
[WhiteTeamCountry "GER"]
[BlackTeamCountry "GER"]

1. Nf3 c5 2. c4 g6 3. g3 Bg7 4. Bg2 Nc6 5. Nc3 e5 6. O-O Nge7 7. d3 O-O 8. e4
d6 9. Nd5 Rb8 10. Bg5 f6 11. Be3 Bg4 12. Qd2 b5 13. b3 Qd7 14. a4 bxc4 15. bxc4
Rb7 16. Rfb1 Rfb8 17. Nc3 Nd4 18. Rxb7 Rxb7 19. Bxd4 cxd4 20. Nd5 Nxd5 21. cxd5
Qc8 22. Rc1 Rc7 23. Rxc7 Qxc7 24. h3 Bd7 25. Qb4 Bh6 26. Kh2 Qb6 27. Qc4 Qc5
28. Qa6 Qb6 29. Qc4 Qc5 30. Qa6 Bc8 0-1

[Event "Verbandsliga 2019-20"]
[Site "MVP"]
[Date "2019.12.08"]
[Round "4.4"]
[White "Wandel, Bernd"]
[Black "Junggebauer, Thomas"]
[Result "1-0"]
[WhiteElo "2064"]
[BlackElo "2000"]
[PlyCount "95"]
[EventDate "2019.09.29"]
[EventType "team-tourn"]
[EventRounds "9"]
[WhiteTeam "SF Schwerin II"]
[BlackTeam "ASV Wismar"]
[WhiteTeamCountry "GER"]
[BlackTeamCountry "GER"]

1. d4 e6 2. c4 b6 3. Nf3 Nf6 4. Bg5 Bb7 5. e3 Bb4+ 6. Nbd2 O-O 7. a3 Bxd2+ 8.
Nxd2 d6 9. Bd3 Nbd7 10. O-O e5 11. Bf5 Qe8 12. Re1 h6 13. Bh4 g6 14. Bc2 Qe6
15. f3 Kg7 16. d5 Qe8 17. Ba4 Qc8 18. f4 c6 19. Bxf6+ Nxf6 20. fxe5 dxe5 21.
Rc1 Qc7 22. Qf3 Rfc8 23. e4 Ne8 24. b4 c5 25. Qg3 Qe7 26. Bxe8 Rxe8 27. Qc3 Bc8
28. Re3 Kh7 29. Rce1 Qd6 30. h3 Re7 31. Nf3 Bd7 32. bxc5 bxc5 33. Rb1 Rb8 34.
Rxb8 Qxb8 35. Qa5 Qd6 36. Qxa7 Bxh3 37. Qa5 Bg4 38. Rb3 Bxf3 39. gxf3 Qf6 40.
Qd2 Qa6 41. Qd3 Ra7 42. Rb5 Qc8 43. Kg2 Qa8 44. Qc3 Rxa3 45. Qxe5 Qd8 46. Rb8
Qg5+ 47. Qxg5 hxg5 48. Rb5 1-0

[Event "Verbandsliga 2019-20"]
[Site "MVP"]
[Date "2019.12.08"]
[Round "4.5"]
[White "Schulz, Bernd"]
[Black "Jung, Werner"]
[Result "1/2-1/2"]
[WhiteElo "1906"]
[BlackElo "2042"]
[PlyCount "42"]
[EventDate "2019.09.29"]
[EventType "team-tourn"]
[EventRounds "9"]
[WhiteTeam "ASV Wismar"]
[BlackTeam "SF Schwerin II"]
[WhiteTeamCountry "GER"]
[BlackTeamCountry "GER"]

1. e4 d5 2. exd5 Nf6 3. d4 Nxd5 4. Nf3 Bg4 5. Be2 e6 6. O-O Be7 7. c4 Nb6 8.
Nc3 O-O 9. h3 Bf5 10. Bf4 c6 11. Bd3 Bxd3 12. Qxd3 N8d7 13. Ne4 Nf6 14. b3 Nxe4
15. Qxe4 Bf6 16. Be5 Re8 17. Rad1 Nd7 18. Rd2 Qa5 19. Rfd1 Qb4 20. Qf4 Qe7 21.
Bd6 Qd8 1/2-1/2

[Event "Verbandsliga 2019-20"]
[Site "MVP"]
[Date "2019.12.08"]
[Round "4.6"]
[White "Wagner, Ralph"]
[Black "Podolskiy, Alexander"]
[Result "1-0"]
[WhiteElo "2111"]
[BlackElo "1970"]
[PlyCount "57"]
[EventDate "2019.09.29"]
[EventType "team-tourn"]
[EventRounds "9"]
[WhiteTeam "SF Schwerin II"]
[BlackTeam "ASV Wismar"]
[WhiteTeamCountry "GER"]
[BlackTeamCountry "GER"]

1. d4 d5 2. c4 e6 3. Nc3 Nf6 4. Nf3 b6 5. Bf4 Bd6 6. Bxd6 Qxd6 7. e3 O-O 8.
cxd5 Nxd5 9. Rc1 Nxc3 10. Rxc3 Nd7 11. Bd3 Bb7 12. O-O h6 13. Qe2 a5 14. Rfc1
Rfc8 15. Bb1 g6 16. Nd2 Nf6 17. Nc4 Qe7 18. e4 Kg7 19. Rg3 b5 20. Ne5 c5 21.
Nxg6 fxg6 22. e5 Ne4 23. Bxe4 Bxe4 24. Qxe4 g5 25. dxc5 Rxc5 26. Rxc5 Qxc5 27.
Rc3 Rd8 28. h3 Qd5 29. Rc7+ 1-0

[Event "Verbandsliga 2019-20"]
[Site "MVP"]
[Date "2019.12.08"]
[Round "4.7"]
[White "Avetyan, Manan"]
[Black "Helms, Sven"]
[Result "0-1"]
[WhiteElo "1356"]
[BlackElo "1962"]
[PlyCount "70"]
[EventDate "2019.09.29"]
[EventType "team-tourn"]
[EventRounds "9"]
[WhiteTeam "ASV Wismar"]
[BlackTeam "SF Schwerin II"]
[WhiteTeamCountry "GER"]
[BlackTeamCountry "GER"]

1. e4 e5 2. Nf3 Nf6 3. Nxe5 d6 4. Nf3 Nxe4 5. Qe2 Qe7 6. g3 Nc6 7. a3 Bg4 8. d3
Bxf3 9. Qxf3 Nxg3+ 10. Be3 Nxh1 11. Qxh1 g6 12. Kd1 Bg7 13. Bg2 O-O 14. c3 Qd7
15. Nd2 Rad8 16. Kc2 d5 17. d4 a5 18. Rg1 Qf5+ 19. Kc1 a4 20. h4 Qd7 21. h5 Na5
22. hxg6 fxg6 23. Bh3 Qf7 24. Bg4 Nb3+ 25. Nxb3 axb3 26. Qh3 Rd6 27. Rh1 h5 28.
a4 Qe8 29. Bf3 c6 30. Bd1 Rdf6 31. Qg3 Qe4 32. Rg1 Rxf2 33. Bxf2 Bh6+ 34. Be3
Bxe3+ 35. Qxe3 Qxe3+ 0-1

[Event "Verbandsliga 2019-20"]
[Site "MVP"]
[Date "2019.12.08"]
[Round "4.1"]
[White "Lehmann, Ruben"]
[Black "Schmekel, Florian"]
[Result "1-0"]
[WhiteElo "1954"]
[BlackElo "2102"]
[PlyCount "53"]
[EventDate "2019.09.29"]
[EventType "team-tourn"]
[EventRounds "9"]
[WhiteTeam "HSG Stralsund"]
[BlackTeam "SAV Torgelow"]
[WhiteTeamCountry "GER"]
[BlackTeamCountry "GER"]

{[%evp 0,53,23,16,27,-4,-4,-11,30,31,26,23,39,23,39,44,50,38,42,10,69,54,148,
162,162,169,186,177,227,227,227,224,264,226,226,226,263,173,173,183,327,316,
469,474,812,887,985,1068,1742,1971,2119,2033,29987,29988,29989,29990]} 1. d4
Nf6 2. c4 e6 3. Nc3 Bb4 4. e3 c5 5. Bd3 Nc6 6. Nge2 Bxc3+ 7. bxc3 d6 8. O-O O-O
9. f4 Qe7 10. e4 e5 11. fxe5 dxe5 12. d5 Na5 13. Bg5 Qd6 14. Bxf6 gxf6 15. Ng3
f5 16. exf5 f6 17. Ne4 Qd8 18. Kh1 b6 19. g4 Nb7 20. g5 fxg5 21. Nxg5 Nd6 22.
Qh5 Qc7 23. f6 e4 24. f7+ Rxf7 25. Rxf7 Nxf7 26. Qxh7+ Kf8 27. Rf1 1-0

[Event "Verbandsliga 2019-20"]
[Site "MVP"]
[Date "2019.12.08"]
[Round "4.2"]
[White "Zentgraf, Robert"]
[Black "Hubert, Peter"]
[Result "1-0"]
[WhiteElo "2171"]
[BlackElo "2114"]
[PlyCount "129"]
[EventDate "2019.09.29"]
[EventType "team-tourn"]
[EventRounds "9"]
[WhiteTeam "SAV Torgelow"]
[BlackTeam "HSG Stralsund"]
[WhiteTeamCountry "GER"]
[BlackTeamCountry "GER"]

1. Nf3 Nf6 2. c4 c5 3. g3 Nc6 4. Bg2 e6 5. O-O d5 6. cxd5 exd5 7. d4 cxd4 8.
Nxd4 Qb6 9. Nb3 Be6 10. Be3 Qd8 11. h3 Be7 12. Nc3 O-O 13. Nb5 a6 14. N5d4 Rc8
15. Nxc6 Rxc6 16. Nd4 Rc4 17. b3 Rc8 18. Qd3 Nd7 19. Rac1 Ne5 20. Qd2 Nc6 21.
Nxc6 Rxc6 22. Bd4 Qd7 23. Kh2 Rfc8 24. Rxc6 Qxc6 25. Rd1 Qc2 26. Be3 Qxd2 27.
Rxd2 Bb4 28. Rd1 Rc2 29. Bxd5 Bxd5 30. Rxd5 h6 31. Rd4 a5 32. Rd8+ Kh7 33. Rd7
Kg6 34. a4 Rxe2 35. Rxb7 Rb2 36. Bb6 f6 37. Kg2 Rd2 38. g4 Rc2 39. h4 Rd2 40.
Ra7 Rd5 41. Kf3 h5 42. gxh5+ Rxh5 43. Kg4 Rd5 44. h5+ Kh7 45. Be3 f5+ 46. Kg5
f4+ 47. Kxf4 Rxh5 48. Bd4 Bd2+ 49. Ke4 Rg5 50. Be3 Bxe3 51. Kxe3 Rc5 52. Rb7
Rc3+ 53. Ke4 Kh6 54. f4 Kg6 55. Rb6+ Kf7 56. Kf5 g6+ 57. Ke5 Re3+ 58. Kd4 Rf3
59. Ke4 Rc3 60. Rb5 Kf6 61. f5 gxf5+ 62. Rxf5+ Ke6 63. Rb5 Kd6 64. Kd4 Rh3 65.
Kc4 1-0

[Event "Verbandsliga 2019-20"]
[Site "MVP"]
[Date "2019.12.08"]
[Round "4.3"]
[White "Mehl, Ronald"]
[Black "Bauer, Norbert"]
[Result "0-1"]
[WhiteElo "2099"]
[BlackElo "2054"]
[PlyCount "104"]
[EventDate "2019.09.29"]
[EventType "team-tourn"]
[EventRounds "9"]
[WhiteTeam "HSG Stralsund"]
[BlackTeam "SAV Torgelow"]
[WhiteTeamCountry "GER"]
[BlackTeamCountry "GER"]

1. d4 Nf6 2. Nf3 e6 3. c4 b6 4. g3 Ba6 5. Qc2 Bb7 6. Bg2 c5 7. O-O cxd4 8. Nxd4
Bxg2 9. Kxg2 Qc7 10. b3 d6 11. Bb2 Nbd7 12. Nd2 Qb7+ 13. e4 Be7 14. Rfe1 O-O
15. f4 a6 16. Qd3 Rfe8 17. Qf3 Bf8 18. e5 Qxf3+ 19. N4xf3 dxe5 20. fxe5 Ng4 21.
h3 Nh6 22. Ne4 Nc5 23. Nxc5 Bxc5 24. g4 Red8 25. Rad1 Kf8 26. Ng5 Be7 27. Ne4
Ng8 28. Bd4 b5 29. Bb6 Rxd1 30. Rxd1 bxc4 31. bxc4 f6 32. c5 fxe5 33. c6 Nf6
34. Ng5 Nd5 35. Nxe6+ Kf7 36. Rxd5 Kxe6 37. Rd1 Bd6 38. c7 Rc8 39. Kf3 Bxc7 40.
Rc1 Rf8+ 41. Ke2 Bxb6 42. Rc6+ Kd5 43. Rxb6 Rf6 44. Rb3 e4 45. Ra3 Kd4 46. Ra4+
Ke5 47. Rc4 Rf3 48. Rc7 Rxh3 49. Rxg7 Kf4 50. Re7 Rh2+ 51. Kd1 Rxa2 52. Rxh7
Kxg4 0-1

[Event "Verbandsliga 2019-20"]
[Site "MVP"]
[Date "2019.12.08"]
[Round "4.4"]
[White "Ehlers, Michael"]
[Black "Wichert, Till"]
[Result "0-1"]
[WhiteElo "1941"]
[BlackElo "2020"]
[PlyCount "72"]
[EventDate "2019.09.29"]
[EventType "team-tourn"]
[EventRounds "9"]
[WhiteTeam "SAV Torgelow"]
[BlackTeam "HSG Stralsund"]
[WhiteTeamCountry "GER"]
[BlackTeamCountry "GER"]

1. e4 e6 2. d3 d5 3. Nd2 Nf6 4. g3 c5 5. Bg2 Nc6 6. Ngf3 g6 7. O-O Bg7 8. exd5
Nxd5 9. Ne4 b6 10. Bg5 f6 11. Bd2 O-O 12. Re1 e5 13. h3 Bb7 14. h4 Nc7 15. h5
g5 16. Nfxg5 fxg5 17. Bxg5 Qd7 18. h6 Bh8 19. Qh5 Ne8 20. Bh4 Qf5 21. Qxf5 Rxf5
22. Bh3 Rh5 23. Be6+ Kf8 24. c3 Rxh6 25. Bd7 Ne7 26. Ng5 Nc7 27. Ne4 Rd8 28.
Bg4 Rxd3 29. f3 Bxe4 30. Rxe4 Rhd6 31. f4 Ng6 32. fxe5 Bxe5 33. Rf1+ Kg7 34.
Rxe5 Nxe5 35. Bf5 Rd1 36. g4 Nf3+ 0-1

[Event "Verbandsliga 2019-20"]
[Site "MVP"]
[Date "2019.12.08"]
[Round "4.5"]
[White "Paulowitz, Bernd-Rainer"]
[Black "Bress, Aaron"]
[Result "1-0"]
[WhiteElo "1904"]
[BlackElo "1793"]
[PlyCount "67"]
[EventDate "2019.09.29"]
[EventType "team-tourn"]
[EventRounds "9"]
[WhiteTeam "HSG Stralsund"]
[BlackTeam "SAV Torgelow"]
[WhiteTeamCountry "GER"]
[BlackTeamCountry "GER"]

1. d4 Nf6 2. Nf3 g6 3. g3 d5 4. Bg2 Bg7 5. O-O O-O 6. Bg5 Ne4 7. Bf4 c5 8. e3
Nc6 9. Nbd2 f6 10. h4 Bg4 11. Qe1 Nxd2 12. Qxd2 Bxf3 13. Bxf3 g5 14. dxc5 gxf4
15. Qxd5+ Qxd5 16. Bxd5+ Kh8 17. gxf4 f5 18. c3 Rf6 19. Kg2 e6 20. Bxc6 bxc6
21. Rad1 Rg8 22. Kf3 Bf8 23. b4 Rg4 24. Rd7 Rxh4 25. Rxa7 Rg6 26. Ra8 Kg7 27.
a4 h5 28. a5 Rhg4 29. a6 Rf6 30. a7 Rf7 31. Ra1 h4 32. Rb8 h3 33. a8=Q h2 34.
Rh1 1-0

[Event "Verbandsliga 2019-20"]
[Site "MVP"]
[Date "2019.12.08"]
[Round "4.6"]
[White "Grossmann, Piet"]
[Black "Glawe, Hartmut"]
[Result "0-1"]
[WhiteElo "1818"]
[BlackElo "2017"]
[PlyCount "120"]
[EventDate "2019.09.29"]
[EventType "team-tourn"]
[EventRounds "9"]
[WhiteTeam "SAV Torgelow"]
[BlackTeam "HSG Stralsund"]
[WhiteTeamCountry "GER"]
[BlackTeamCountry "GER"]

1. e4 c5 2. Nf3 d6 3. c3 Nf6 4. Be2 Nc6 5. d3 g6 6. O-O Bg7 7. h3 O-O 8. Be3
Bd7 9. Nbd2 Rc8 10. Rc1 e5 11. Bg5 h6 12. Bxf6 Qxf6 13. Nc4 b5 14. Ne3 Qd8 15.
Nd5 Ne7 16. Nd2 Nxd5 17. exd5 f5 18. Qe1 Kh7 19. f4 exf4 20. Rxf4 Qg5 21. Rf2
Rce8 22. Nf3 Qe7 23. Bf1 Qxe1 24. Rxe1 Rxe1 25. Nxe1 b4 26. Rc2 bxc3 27. bxc3
Ba4 28. Re2 Bxc3 29. Re7+ Kg8 30. Nf3 Rf7 31. Re6 Rf6 32. d4 Rxe6 33. dxe6 cxd4
34. Bc4 Kg7 35. Kf2 Kf6 36. Ke2 Bc6 37. Kd3 d5 38. Ba6 Kxe6 39. Nxd4+ Bxd4 40.
Kxd4 Kd6 41. h4 f4 42. Bd3 g5 43. hxg5 hxg5 44. Be2 Bd7 45. a3 g4 46. Bd1 Bf5
47. Be2 Be4 48. Bxg4 Bxg2 49. Bd1 f3 50. Ke3 Ke5 51. Bc2 d4+ 52. Kf2 Kf4 53.
Bb1 Bh3 54. Bc2 Be6 55. Bd1 Bd5 56. Bc2 a5 57. Bd1 d3 58. Ba4 Ke4 59. Bd1 Kd4
60. Ba4 Kc3 0-1

[Event "Verbandsliga 2019-20"]
[Site "MVP"]
[Date "2019.12.08"]
[Round "4.7"]
[White "Kohn, Andreas"]
[Black "Schmidt, Paul"]
[Result "0-1"]
[WhiteElo "1958"]
[BlackElo "1915"]
[PlyCount "58"]
[EventDate "2019.09.29"]
[EventType "team-tourn"]
[EventRounds "9"]
[WhiteTeam "HSG Stralsund"]
[BlackTeam "SAV Torgelow"]
[WhiteTeamCountry "GER"]
[BlackTeamCountry "GER"]

1. e4 c5 2. Nf3 d6 3. d4 cxd4 4. Nxd4 Nf6 5. Nc3 a6 6. Be2 e5 7. Nb3 Be6 8. O-O
Be7 9. f4 O-O 10. f5 Bc8 11. a4 b6 12. Be3 Nbd7 13. Bf3 Bb7 14. Qe1 Rc8 15. g4
Rxc3 16. bxc3 Nxe4 17. Bf2 Qa8 18. h4 Rc8 19. Bxe4 Bxe4 20. Qe2 Bh1 21. Be1 Nf6
22. Qh2 Bd5 23. g5 Nh5 24. Nd2 Rxc3 25. f6 Bd8 26. Ne4 Rc4 27. Nf2 Rxc2 28. Qh3
Nf4 29. Qe3 Bg2 0-1

[Event "Verbandsliga 2019-20"]
[Site "MVP"]
[Date "2019.12.08"]
[Round "4.8"]
[White "Troemer, Felix"]
[Black "Kohn, Thomas"]
[Result "1-0"]
[WhiteElo "1753"]
[BlackElo "1964"]
[PlyCount "63"]
[EventDate "2019.09.29"]
[EventType "team-tourn"]
[EventRounds "9"]
[WhiteTeam "SAV Torgelow"]
[BlackTeam "HSG Stralsund"]
[WhiteTeamCountry "GER"]
[BlackTeamCountry "GER"]

1. e4 c5 2. Nf3 Nc6 3. d4 cxd4 4. Nxd4 g6 5. Nc3 Bg7 6. Be3 Nf6 7. Bc4 Qa5 8.
O-O O-O 9. Bb3 d6 10. f3 Bd7 11. Nd5 Nxd5 12. exd5 Ne5 13. h3 Rac8 14. Qe2 Ba4
15. Bxa4 Qxa4 16. b3 Qa5 17. f4 Nd7 18. c4 Rfe8 19. Rae1 a6 20. f5 Ne5 21. fxg6
hxg6 22. Kh1 Qc7 23. Qf2 Rf8 24. Qh4 Qd7 25. Bh6 b5 26. Bxg7 Kxg7 27. Nc6 Nxc6
28. dxc6 Qxc6 29. Rxe7 Rc7 30. Qf6+ Kg8 31. Rf4 d5 32. Rxc7 1-0

[Event "Verbandsliga 2019-20"]
[Site "MVP"]
[Date "2020.01.19"]
[Round "5.1"]
[White "Fischer, Torsten"]
[Black "Lehmann, Ruben"]
[Result "0-1"]
[WhiteElo "2026"]
[BlackElo "1954"]
[PlyCount "32"]
[EventDate "2019.09.29"]
[EventType "team-tourn"]
[EventRounds "9"]
[WhiteTeam "SF Schwerin III"]
[BlackTeam "HSG Stralsund"]
[WhiteTeamCountry "GER"]
[BlackTeamCountry "GER"]

1. e4 c6 2. d4 d5 3. e5 Bf5 4. Ne2 e6 5. Nf4 Ne7 6. Nd2 c5 7. c3 cxd4 8. cxd4
Nec6 9. g4 Qg5 10. Ne2 Bxg4 11. Qb3 Qe7 12. f3 Bf5 13. a3 Qc7 14. Qe3 Nd7 15.
b4 Bxb4 16. Ng3 Nxd4 0-1

[Event "Verbandsliga 2019-20"]
[Site "MVP"]
[Date "2020.01.19"]
[Round "5.2"]
[White "Hubert, Peter"]
[Black "Kross, Gunnar"]
[Result "1/2-1/2"]
[WhiteElo "2114"]
[BlackElo "2049"]
[PlyCount "28"]
[EventDate "2019.09.29"]
[EventType "team-tourn"]
[EventRounds "9"]
[WhiteTeam "HSG Stralsund"]
[BlackTeam "SF Schwerin III"]
[WhiteTeamCountry "GER"]
[BlackTeamCountry "GER"]

1. Nf3 Nf6 2. c4 g6 3. d4 Bg7 4. Nc3 O-O 5. e4 d6 6. Be2 Nbd7 7. O-O e5 8. dxe5
Nxe5 9. Nxe5 dxe5 10. h3 c6 11. Be3 b6 12. Qc1 Qe7 13. Bh6 Ne8 14. Bxg7 Nxg7
1/2-1/2

[Event "Verbandsliga 2019-20"]
[Site "MVP"]
[Date "2020.01.19"]
[Round "5.3"]
[White "Kupfernagel, Michael"]
[Black "Mehl, Ronald"]
[Result "1/2-1/2"]
[WhiteElo "2030"]
[BlackElo "2099"]
[PlyCount "57"]
[EventDate "2019.09.29"]
[EventType "team-tourn"]
[EventRounds "9"]
[WhiteTeam "SF Schwerin III"]
[BlackTeam "HSG Stralsund"]
[WhiteTeamCountry "GER"]
[BlackTeamCountry "GER"]

1. d4 Nf6 2. Nc3 d5 3. Bg5 Nbd7 4. f3 e6 5. e3 Be7 6. Nge2 c6 7. Qd2 b5 8. Nc1
a5 9. Be2 O-O 10. O-O a4 11. a3 e5 12. Nd3 exd4 13. exd4 Qb6 14. Be3 Bd6 15.
Bf2 Qc7 16. g3 Re8 17. Rae1 Nb6 18. Bd1 Bf5 19. Rxe8+ Rxe8 20. Re1 Rxe1+ 21.
Bxe1 h6 22. Bf2 Nc4 23. Qc1 Qa5 24. Nb1 Qc7 25. Nc3 Qe7 26. Nc5 g5 27. b3 axb3
28. cxb3 Nb6 29. Qe3 1/2-1/2

[Event "Verbandsliga 2019-20"]
[Site "MVP"]
[Date "2020.01.19"]
[Round "5.4"]
[White "Paulowitz, Bernd-Rainer"]
[Black "Schmidt, Arne"]
[Result "1-0"]
[WhiteElo "1904"]
[BlackElo "1674"]
[PlyCount "81"]
[EventDate "2019.09.29"]
[EventType "team-tourn"]
[EventRounds "9"]
[WhiteTeam "HSG Stralsund"]
[BlackTeam "SF Schwerin III"]
[WhiteTeamCountry "GER"]
[BlackTeamCountry "GER"]

1. d4 Nf6 2. Nf3 e6 3. c4 b6 4. Nc3 Bb7 5. Bg5 Be7 6. e3 O-O 7. Bd3 d6 8. O-O
Nbd7 9. e4 c5 10. d5 e5 11. Ne1 Nxd5 12. Nxd5 Bxg5 13. Nc3 g6 14. Bc2 Nf6 15.
Qd3 a6 16. Rd1 Ne8 17. Ba4 Rc8 18. Nc2 f5 19. Bxe8 Rxe8 20. exf5 e4 21. Qxd6
gxf5 22. Qg3 f4 23. Qg4 h5 24. Qxh5 Qe7 25. Qg4 Qg7 26. Rd7 Re7 27. Rxb7 Rce8
28. Rxe7 Rxe7 29. Rd1 e3 30. Rd8+ Kh7 31. Qf5+ Kh6 32. Rd6+ Kh5 33. h4 Re5 34.
Qh3 exf2+ 35. Kxf2 Bxh4+ 36. Kf1 Qe7 37. Qf3+ Kg5 38. Rd5 Qe6 39. Ne4+ Kf5 40.
Qh3+ Kg6 41. Rd6 1-0

[Event "Verbandsliga 2019-20"]
[Site "MVP"]
[Date "2020.01.19"]
[Round "5.5"]
[White "Voll, Andreas"]
[Black "Glawe, Hartmut"]
[Result "0-1"]
[WhiteElo "1880"]
[BlackElo "2017"]
[PlyCount "86"]
[EventDate "2019.09.29"]
[EventType "team-tourn"]
[EventRounds "9"]
[WhiteTeam "SF Schwerin III"]
[BlackTeam "HSG Stralsund"]
[WhiteTeamCountry "GER"]
[BlackTeamCountry "GER"]

1. e4 c5 2. Nf3 d6 3. d4 cxd4 4. Nxd4 Nf6 5. Nc3 a6 6. Be2 e5 7. Nb3 Be6 8. Bg5
Be7 9. O-O Nbd7 10. Qd2 Rc8 11. f3 Qc7 12. Rad1 O-O 13. Nd5 Bxd5 14. exd5 Qxc2
15. f4 Rfe8 16. Bxf6 Bxf6 17. Bg4 Qxd2 18. Nxd2 Rcd8 19. Ne4 Be7 20. Bxd7 Rxd7
21. f5 Rc7 22. f6 gxf6 23. Nxf6+ Bxf6 24. Rxf6 Rd8 25. Rdf1 Rdd7 26. R6f2 Rc5
27. Rd2 Kg7 28. Kf2 f5 29. Kg3 Kg6 30. Rf3 Rdc7 31. Rb3 h5 32. Rb6 Rd7 33. Kf3
Kg5 34. b3 f4 35. Ke2 e4 36. Kd1 Kf5 37. Rd4 Ke5 38. Rdb4 Rxd5+ 39. Ke1 Rg7 40.
Kf1 Rd2 41. Rxb7 Rxb7 42. Rxb7 Rxa2 43. Rh7 Kd4 0-1

[Event "Verbandsliga 2019-20"]
[Site "MVP"]
[Date "2020.01.19"]
[Round "5.6"]
[White "Kohn, Andreas"]
[Black "Goertz, Frank"]
[Result "0-1"]
[WhiteElo "1958"]
[BlackElo "1778"]
[PlyCount "162"]
[EventDate "2019.09.29"]
[EventType "team-tourn"]
[EventRounds "9"]
[WhiteTeam "HSG Stralsund"]
[BlackTeam "SF Schwerin III"]
[WhiteTeamCountry "GER"]
[BlackTeamCountry "GER"]

1. e4 e6 2. d4 d5 3. e5 c5 4. c3 Nc6 5. Nf3 Qc7 6. Bd3 Bd7 7. O-O O-O-O 8. Bf4
f5 9. dxc5 Bxc5 10. b4 Be7 11. a4 Nh6 12. Qd2 Nf7 13. Na3 Rdg8 14. Nb5 Qb8 15.
Nbd4 g5 16. Nxc6 Bxc6 17. Be3 f4 18. Bd4 Rf8 19. b5 Bd7 20. c4 g4 21. cxd5 gxf3
22. Rfc1+ Kd8 23. dxe6 Bxe6 24. Be4 Ke8 25. b6 axb6 26. Bxf3 Rhg8 27. Bxb6 Qxe5
28. Re1 Qf5 29. Qe2 Ng5 30. Bh5+ Rf7 31. Bxf7+ Kxf7 32. Qh5+ Rg6 33. Kh1 Bd5
34. f3 Bf6 35. h4 Kg7 36. hxg5 Rxg5 37. Qe8 Bxf3 38. Qe6 Bxg2+ 39. Kh2 Rh5+ 40.
Kxg2 f3+ 41. Kg1 Qg5+ 42. Kf2 Qg2+ 43. Ke3 Re5+ 44. Qxe5 Bxe5 45. Rg1 Bxa1 46.
Rxg2+ fxg2 47. Kf3 Kf6 48. Kxg2 Ke6 49. Kf3 Kd5 50. Ke3 Kc4 51. a5 Bc3 52. Ke4
Kb5 53. Kd3 Bxa5 54. Bd4 Ka4 55. Bc5 Kb3 56. Be7 Bc3 57. Bc5 b5 58. Be7 Bg7 59.
Bd6 Bc3 60. Be7 Be1 61. Bd6 h5 62. Be7 h4 63. Ke2 Bg3 64. Kf3 Kc4 65. Kg2 Kd5
66. Bb4 Ke4 67. Be7 Kf5 68. Kh3 Ke4 69. Bb4 Kf3 70. Be7 Bf2 71. Bd6 Ke4 72. Be7
Kd5 73. Kg2 Bc5 74. Bxh4 b4 75. Bf6 Bd4 76. Be7 b3 77. Ba3 Ke4 78. Kf1 Kd3 79.
Ke1 Kc2 80. Ke2 Bb2 81. Bb4 Bc1 0-1

[Event "Verbandsliga 2019-20"]
[Site "MVP"]
[Date "2020.01.19"]
[Round "5.7"]
[White "Krueger, Gerhard"]
[Black "Kohn, Thomas"]
[Result "1/2-1/2"]
[WhiteElo "1972"]
[BlackElo "1964"]
[PlyCount "27"]
[EventDate "2019.09.29"]
[EventType "team-tourn"]
[EventRounds "9"]
[WhiteTeam "SF Schwerin III"]
[BlackTeam "HSG Stralsund"]
[WhiteTeamCountry "GER"]
[BlackTeamCountry "GER"]

1. e4 c5 2. Nf3 d6 3. c4 Nc6 4. d4 cxd4 5. Nxd4 g6 6. Nc3 Bg7 7. Be3 Nf6 8. Be2
O-O 9. O-O Nxd4 10. Bxd4 Be6 11. f3 Qa5 12. Qa4 Qxa4 13. Nxa4 Nd7 14. Bxg7
1/2-1/2

[Event "Verbandsliga 2019-20"]
[Site "MVP"]
[Date "2020.01.19"]
[Round "5.1"]
[White "Schmekel, Florian"]
[Black "Roeder, Phillip"]
[Result "1/2-1/2"]
[WhiteElo "2102"]
[BlackElo "2011"]
[PlyCount "34"]
[EventDate "2019.09.29"]
[EventType "team-tourn"]
[EventRounds "9"]
[WhiteTeam "SAV Torgelow"]
[BlackTeam "ASV Wismar"]
[WhiteTeamCountry "GER"]
[BlackTeamCountry "GER"]

1. d4 Nf6 2. c4 c5 3. d5 b5 4. cxb5 a6 5. bxa6 Bxa6 6. Nc3 d6 7. e4 Bxf1 8.
Kxf1 g6 9. Nf3 Nbd7 10. h3 Bg7 11. g3 O-O 12. Kg2 Qb6 13. Qc2 Rab8 14. a4 Qb3
15. Qxb3 Rxb3 16. Nd2 Rb4 17. f4 Ne8 1/2-1/2

[Event "Verbandsliga 2019-20"]
[Site "MVP"]
[Date "2020.01.19"]
[Round "5.2"]
[White "Stutz, Reno"]
[Black "Zentgraf, Robert"]
[Result "1/2-1/2"]
[WhiteElo "2017"]
[BlackElo "2171"]
[PlyCount "70"]
[EventDate "2019.09.29"]
[EventType "team-tourn"]
[EventRounds "9"]
[WhiteTeam "ASV Wismar"]
[BlackTeam "SAV Torgelow"]
[WhiteTeamCountry "GER"]
[BlackTeamCountry "GER"]

1. e4 c5 2. c3 g6 3. d4 cxd4 4. cxd4 d5 5. exd5 Nf6 6. Nc3 Bg7 7. Nf3 O-O 8.
Bc4 Nbd7 9. O-O Nb6 10. Bb3 Nbxd5 11. Re1 Re8 12. Bg5 Nc7 13. Qd2 Be6 14. Bxe6
Nxe6 15. Rad1 Nxg5 16. Qxg5 Qb6 17. Qb5 Qxb5 18. Nxb5 Nd5 19. Rc1 Rec8 20. Ne5
a6 21. Nc3 Nf4 22. Rcd1 Rd8 23. g3 Nd5 24. Nxd5 Rxd5 25. Nc4 Re8 26. Ne5 Red8
27. Nf3 e5 28. Rc1 exd4 29. Rc7 b5 30. Ree7 d3 31. Rxf7 Bxb2 32. Nd2 b4 33.
Rxh7 Bc3 34. Ne4 Re8 35. Nxc3 bxc3 1/2-1/2

[Event "Verbandsliga 2019-20"]
[Site "MVP"]
[Date "2020.01.19"]
[Round "5.3"]
[White "Bauer, Norbert"]
[Black "Kliewe, Hans-Juergen"]
[Result "1/2-1/2"]
[WhiteElo "2054"]
[BlackElo "2113"]
[PlyCount "42"]
[EventDate "2019.09.29"]
[EventType "team-tourn"]
[EventRounds "9"]
[WhiteTeam "SAV Torgelow"]
[BlackTeam "ASV Wismar"]
[WhiteTeamCountry "GER"]
[BlackTeamCountry "GER"]

1. d4 d5 2. c4 c6 3. Nf3 Nf6 4. Nc3 dxc4 5. a4 Bf5 6. Ne5 Nbd7 7. Nxc4 e6 8. f3
Bb4 9. e4 Bg6 10. Be3 O-O 11. Be2 Qc7 12. O-O Nb6 13. Qb3 Nxc4 14. Bxc4 Ba5 15.
Ne2 Rfd8 16. Nf4 Bb6 17. Nxg6 hxg6 18. Rfd1 Rd7 19. Qc3 a6 20. b4 a5 21. Be2 e5
1/2-1/2